| 000 | 00575nam a2200121Ia 4500 | ||
|---|---|---|---|
| 008 | 171212s9999 xx 000 0 und d | ||
| 020 | _a9780833081797 | ||
| 100 | _aGroves, David G.;Fischbach, Jordan R.;Bloom, Evan;Knopman, Debra;Keefe, Ryan | ||
| 245 |
_cGroves, David G.;Fischbach, Jordan R.;Bloom, Evan;Knopman, Debra;Keefe, Ryan _aAdapting to a Changing Colorado River _bMaking Future Water Deliveries More Reliable Through Robust Management Strategies |
||
| 260 |
_bRAND Corporation _c2013 |
||
| 650 | _aPhysics | ||
| 856 | _uhttp://www.jstor.org/stable/10.7249/j.ctt5vjwcq | ||
| 999 |
_c351678 _d351678 |
||